| 000 -LEADER |
| fixed length control field |
01245nam a2200265Ia 4500 |
| 003 - CONTROL NUMBER IDENTIFIER |
| control field |
OSt |
| 005 - DATE AND TIME OF LATEST TRANSACTION |
| control field |
20260123083817.0 |
| 007 - PHYSICAL DESCRIPTION FIXED FIELD--GENERAL INFORMATION |
| fixed length control field |
ca aa aaaaa |
| 008 - FIXED-LENGTH DATA ELEMENTS--GENERAL INFORMATION |
| fixed length control field |
201103s9999 xx 000 0 und d |
| 040 ## - CATALOGING SOURCE |
| Transcribing agency |
SSBUL |
| 041 ## - LANGUAGE CODE |
| Language code of text/sound track or separate title |
bur |
| 082 ## - DEWEY DECIMAL CLASSIFICATION NUMBER |
| Classification number |
၉၅၉.၁ |
| Edition number |
23 |
| Item number |
သန်း |
| 100 ## - MAIN ENTRY--PERSONAL NAME |
| Personal name |
သန်းထွန်း၊ ဒေါက်တာ |
| 9 (RLIN) |
11525 |
| 245 10 - TITLE STATEMENT |
| Title |
ခေတ်ဟောင်းမြန်မာရာဇဝင် / |
| Remainder of title |
ဒေါက်တာသန်းထွန်း။ |
| 250 ## - EDITION STATEMENT |
| Edition statement |
တတိယအကြိမ်။ |
| 260 ## - PUBLICATION, DISTRIBUTION, ETC. |
| Place of publication, distribution, etc. |
ရန်ကုန် ၊ |
| Name of publisher, distributor, etc. |
စိတ်ကူးချိုချိုစာပေ၊ |
| Date of publication, distribution, etc. |
၂၀၁၇။ |
| 264 ## - PRODUCTION, PUBLICATION, DISTRIBUTION, MANUFACTURE, AND COPYRIGHT NOTICE |
| Place of production, publication, distribution, manufacture |
ရန်ကုန် ၊ Edition: ၃ ကြိမ်။ |
| Name of producer, publisher, distributor, manufacturer |
လင်းလင်းစာပေ၊ |
| Date of production, publication, distribution, manufacture, or copyright notice |
၂၀၀၂။ |
| 300 ## - PHYSICAL DESCRIPTION |
| Extent |
ဂဲ၊ ၂၈၀ စာမျက်နှာ ၊ |
| Other physical details |
ပုံများ ၊ |
| Dimensions |
၂၆ စင်တီ။ |
|
| Extent |
၉၅ စာမျက်နှာ ၊ |
| Other physical details |
ရုပ်ပုံများ၊ မြေပုံများ ၊ |
| Dimensions |
၂၄ စင်တီ။ |
| 500 ## - GENERAL NOTE |
| General note |
S-SAT: Dr. Prof Sai Aung Tun |
| 650 ## - SUBJECT ADDED ENTRY--TOPICAL TERM |
| Topical term or geographic name entry element |
မြန်မာ့သမိုင်း |
| 9 (RLIN) |
31749 |
| 942 ## - ADDED ENTRY ELEMENTS (KOHA) |
| Koha item type |
Books (Long term) |
| Source of classification or shelving scheme |
|
|
| Source of classification or shelving scheme |
|
| Koha item type |
Books (Long term) |
|
| Source of classification or shelving scheme |
|